| 000 | 00611nam a2200241 a 4500 | ||
|---|---|---|---|
| 001 | 0001-1258 | ||
| 003 | ELIB.Books | ||
| 008 | 150616 2010 eng | ||
| 020 | _a0572930012 | ||
| 035 | _a(ELIB.Books)0001-1413 | ||
| 092 |
_a241 _bSch |
||
| 100 | _aSchaeffer, Dan | ||
| 245 |
_aDefining Moments _bWhen Choices Matter Most |
||
| 260 |
_bDiscovery House publishers _c2006 |
||
| 300 |
_a183 _c20 Cm |
||
| 500 | _aLibrary | ||
| 650 | _aChrsitian Ethics | ||
| 856 |
_nKBTS: Library _uKBTS: Elib |
||
| 942 |
_2ddc _cBK |
||
| 990 | _a1 | ||
| 998 |
_cbat _e2015-06-16 |
||
| 999 |
_c11258 _d11258 |
||